[Event "XXVII RUS-chT Women 2020"]
[Site "Sochi"]
[Date "2020.11.23"]
[Round "5.22"]
[White "Vifleemskaia, Svetlana"]
[Black "Gubernatorova, Lyudmila"]
[Result "1/2-1/2"]
[WhiteElo "1911"]
[BlackElo "2200"]
[Annotator "TA"]
[PlyCount "34"]
[EventDate "2020.11.19"]
[EventType "team-tourn"]
[EventCountry "RUS"]
[SourceTitle "playchess.com"]
[Source "ChessBase"]
[SourceQuality "1"]

{[%evp 33,34,0,37]} 1. d4 Nf6 2. c4 c5 3. d5 e6 4. Nc3 exd5 5. cxd5 d6 6. Nf3 g6 7. e4 Bg7 8. Be2 O-O 9. Nd2 Re8 10. O-O Na6 11. f3 Nc7 12. a4 Nd7 13. Nc4 Ne5 14. Ne3 {[#]} Nd7 $146 ({Predecessor:} 14... f5 15. exf5 gxf5 16. f4 Ng6 17. Kh1 Qf6 18. Bd3 Bd7 19. Qc2 Rf8 20. Bd2 Ne7 21. Rab1 Rac8 22. Nb5 Nxb5 23. axb5 Qf7 24. Bc4 {1-0 (53) Le,Q (2676)-Zherebukh,Y (2640) New York 2015}) 15. Nc4 Ne5 16. Ne3 Nd7 17. Nc4 Ne5 1/2-1/2

[Event "XXVII RUS-chT Women 2020"]
[Site "Sochi"]
[Date "2020.11.23"]
[Round "5.23"]
[White "Dorokhina, Elizaveta"]
[Black "Zavivaeva, Emilia"]
[Result "1-0"]
[WhiteElo "1824"]
[BlackElo "1790"]
[Annotator "NA"]
[PlyCount "63"]
[EventDate "2020.11.19"]
[EventType "team-tourn"]
[EventCountry "RUS"]
[SourceTitle "playchess.com"]
[Source "ChessBase"]
[SourceQuality "1"]
[TimeControl "40/5400+30:1800+30"]

1. e4 {[%emt 0:00:08]} c5 {[%emt 0:00:15]} 2. Nf3 {[%emt 0:01:32]} Nc6 {[%emt 0:00:34]} 3. Bb5 {[%emt 0:01:32]} g6 {[%emt 0:00:26]} 4. O-O {[%emt 0:03:25]} Bg7 {[%emt 0:00:03]} 5. Re1 {[%emt 0:00:38]} e5 {[%emt 0:00:20]} 6. c3 {[%emt 0:02:21]} Nge7 {[%emt 0:00:35]} 7. d4 {[%emt 0:01:34]} cxd4 {[%emt 0:00:35]} 8. cxd4 {[%emt 0:00:40]} Nxd4 {[%emt 0:00:12]} 9. Nxd4 {[%emt 0:00:31]} exd4 {[%emt 0:00:02]} 10. Bg5 {[%emt 0:02:11]} O-O {[%emt 0:01:04]} 11. e5 {[%emt 0:01:32]} h6 {[%emt 0:01:54]} 12. Bf6 {[%emt 0:21:38]} Bxf6 {[%emt 0:01:40]} 13. exf6 {[%emt 0:00:08]} Nc6 {[%emt 0:00:23]} 14. Qf3 {[%emt 0:01:49]} Qb6 {[%emt 0:01:36]} 15. Na3 {[%emt 0:00:45]} a6 {[%emt 0:00:44]} 16. Bd3 {[%emt 0:01:39]} d6 {[%emt 0:05:57]} 17. Nc4 {[%emt 0:03:54]} Qc5 {[%emt 0:02:47]} 18. Rac1 {[%emt 0:08:58]} Qg5 {[%emt 0:06:50]} 19. Be4 {[%emt 0:14:05]} Ne5 {[%emt 0:04:08]} 20. Nxe5 {[%emt 0:01:35]} dxe5 {[%emt 0:00:07]} 21. Rc7 {[%emt 0:04:21]} Rb8 {[%emt 0:29:26]} 22. h4 {[%emt 0:07:42]} Qxh4 {[%emt 0:05:58]} 23. Bxg6 {[%emt 0:01:42]} Bg4 {[%emt 0:04:18]} 24. Qe4 {[%emt 0:03:34]} Qg5 {[%emt 0:06:02]} 25. Bxf7+ {[%emt 0:03:29]} Rxf7 {[%emt 0:00:40]} 26. Rxf7 {[%emt 0:00:07]} Kxf7 {[%emt 0:00:14]} 27. Qh7+ {[%emt 0:00:08]} Kxf6 {[%emt 0:00:22]} 28. f4 {[%emt 0:00:28]} Qg6 {[%emt 0:10:18]} 29. fxe5+ {[%emt 0:03:57]} Kg5 {[%emt 0:00:42]} 30. Qe7+ {[%emt 0:00:18]} Kh5 {[%emt 0:00:25]} 31. g3 {[%emt 0:03:25]} d3 {[%emt 0:01:25]} 32. Qh4# {[%emt 0:00:16]} 1-0

[Event "XXVII RUS-chT Women 2020"]
[Site "Sochi"]
[Date "2020.11.23"]
[Round "5.24"]
[White "Zavivaeva, Evelina"]
[Black "Tinina, Kristina"]
[Result "1/2-1/2"]
[WhiteElo "1589"]
[BlackElo "1678"]
[Annotator "NA"]
[PlyCount "110"]
[EventDate "2020.11.19"]
[EventType "team-tourn"]
[EventCountry "RUS"]
[SourceTitle "playchess.com"]
[Source "ChessBase"]
[SourceQuality "1"]
[TimeControl "40/5400+30:1800+30"]

1. e4 {[%emt 0:00:00]} c5 {[%emt 0:00:01]} 2. c3 {[%emt 0:00:00]} Nf6 {[%emt 0:00:46]} 3. e5 {[%emt 0:00:18]} Nd5 {[%emt 0:00:32]} 4. d4 {[%emt 0:00:19]} cxd4 {[%emt 0:02:21]} 5. Nf3 {[%emt 0:00:29]} Nc6 {[%emt 0:03:04]} 6. cxd4 {[%emt 0:00:21]} d6 {[%emt 0:12:01]} 7. Bc4 {[%emt 0:00:20]} e6 {[%emt 0:11:43]} 8. O-O {[%emt 0:01:32]} Nb6 {[%emt 0:08:24]} 9. Bb5 {[%emt 0:00:23]} Bd7 {[%emt 0:01:11]} 10. Nc3 {[%emt 0:00:42]} dxe5 {[%emt 0:15:59]} 11. Nxe5 {[%emt 0:01:00]} Be7 {[%emt 0:02:57]} 12. Qg4 {[%emt 0:06:28]} Bf6 {[%emt 0:03:52]} 13. Nxd7 {[%emt 0:01:10]} Nxd7 {[%emt 0:03:57]} 14. d5 {[%emt 0:21:48]} Nce5 {[%emt 0:22:52]} 15. Qh3 {[%emt 0:27:27]} a6 {[%emt 0:03:34]} 16. dxe6 {[%emt 0:01:36]} axb5 {[%emt 0:01:52]} 17. exd7+ Qxd7 {[%emt 0:00:48]} 18. Qxd7+ {[%emt 0:02:32]} Nxd7 {[%emt 0:01:26]} 19. Re1+ {[%emt 0:00:53]} Kf8 {[%emt 0:00:02]} 20. Nxb5 {[%emt 0:00:25]} h5 {[%emt 0:00:36]} 21. Nc7 {[%emt 0:05:34]} Rc8 {[%emt 0:00:13]} 22. Bf4 {[%emt 0:01:07]} g5 {[%emt 0:00:38]} 23. Bd6+ {[%emt 0:10:23]} Kg7 {[%emt 0:00:01]} 24. Re2 {[%emt 0:00:51]} Nb6 {[%emt 0:01:03]} 25. Rc1 {[%emt 0:01:36]} Rhd8 {[%emt 0:01:04]} 26. Rd2 {[%emt 0:12:20]} Na8 {[%emt 0:00:21]} 27. Rdc2 {[%emt 0:00:53]} Rxd6 {[%emt 0:01:07]} 28. Ne6+ {[%emt 0:00:26]} Rxe6 {[%emt 0:00:05]} 29. Rxc8 {[%emt 0:00:15]} Nb6 {[%emt 0:00:15]} 30. R8c7 {[%emt 0:00:42]} Bxb2 {[%emt 0:01:08]} 31. Rb1 {[%emt 0:01:00]} Nd5 {[%emt 0:00:42]} 32. Rxb7 {[%emt 0:00:29]} Bf6 {[%emt 0:00:12]} 33. Ra7 {[%emt 0:01:41]} Nc3 {[%emt 0:00:23]} 34. Rf1 {[%emt 0:00:29]} Re2 {[%emt 0:00:08]} 35. a4 {[%emt 0:01:18]} Ra2 {[%emt 0:00:19]} 36. a5 {[%emt 0:00:31]} Bd4 {[%emt 0:00:28]} 37. Rd7 {[%emt 0:00:34]} Rxa5 {[%emt 0:00:22]} 38. g3 {[%emt 0:00:34]} Bf6 {[%emt 0:01:48]} 39. Kg2 {[%emt 0:00:30]} Rf5 {[%emt 0:00:26]} 40. h3 {[%emt 0:00:00]} Ne4 {[%emt 0:00:00]} 41. f3 {[%emt 0:01:00]} Nc5 {[%emt 0:01:04]} 42. Rc7 {[%emt 0:01:15]} Ne6 {[%emt 0:00:58]} 43. Rb7 {[%emt 0:00:40]} Ra5 {[%emt 0:01:27]} 44. Rf2 {[%emt 0:01:43]} Nd4 {[%emt 0:02:08]} 45. Rd7 {[%emt 0:05:44]} Ra3 {[%emt 0:01:59]} 46. Rd5 {[%emt 0:05:15]} Kg6 {[%emt 0:00:30]} 47. Rd6 {[%emt 0:06:27]} Nf5 {[%emt 0:00:30]} 48. Rc6 {[%emt 0:00:44]} Kg7 {[%emt 0:02:06]} 49. Rc5 {[%emt 0:03:40]} Kg6 {[%emt 0:04:40]} 50. Rc6 {[%emt 0:00:13]} h4 {[%emt 0:03:31]} 51. g4 {[%emt 0:04:21]} Ne3+ {[%emt 0:03:28]} 52. Kh2 {[%emt 0:00:53]} Nd5 {[%emt 0:00:33]} 53. Rc5 {[%emt 0:03:58]} Be5+ {[%emt 0:02:59]} 54. Kg1 {[%emt 0:01:39]} Ra1+ {[%emt 0:00:17]} 55. Kg2 {[%emt 0:00:31]} Ne3# {[%emt 0:00:08]} 1/2-1/2

[Event "XXVII RUS-chT Women 2020"]
[Site "Sochi"]
[Date "2020.11.25"]
[Round "6.1"]
[White "Zherebtsova, Alexandra"]
[Black "Shuvalova, Polina"]
[Result "0-1"]
[WhiteElo "2204"]
[BlackElo "2454"]
[Annotator "TA"]
[PlyCount "136"]
[EventDate "2020.11.19"]
[EventType "team-tourn"]
[EventCountry "RUS"]
[SourceTitle "playchess.com"]
[Source "ChessBase"]
[SourceQuality "1"]

{[%evp 17,136,-9,6,6,6,0,15,8,28,-15,8,0,40,32,37,10,23,22,31,0,0,0,0,0,0,0,0,0,0,0,0,0,0,0,0,0,0,0,0,0,0,0,6,0,0,0,0,0,0,0,0,0,0,0,0,0,0,-18,-15,-20,-14,-29,0,0,0,-9,-8,-8,-12,-18,-16,-8,0,-34,-51,-44,0,0,0,0,0,0,0,0,0,0,0,0,0,0,0,0,0,0,0,-334,-352,-332,-312,-283,-288,-253,-247,-246,-222,-221,-217,-420,-420,-330,-339,-7882,-6827,-4967,-810,-29977,-29977,-29984,-29985,-29984,-29985]} 1. d4 Nf6 2. c4 e6 3. Nc3 Bb4 4. e3 O-O 5. Nge2 d5 6. a3 Be7 7. cxd5 exd5 8. Nf4 c6 9. Bd3 a5 {9...Na6 is the modern continuation.} 10. O-O {E46: Nimzo-Indian: Rubinstein: 4 e3 0-0 5 Ne2 without early Bd3.} Na6 11. Bd2 Nc7 12. f3 {The position is equal.} c5 13. Be1 Re8 {[#]} 14. Bf2 $146 ({Predecessor:} 14. Nfe2 b6 15. Bf2 Bb7 16. Bc2 Bc6 17. Ng3 Bf8 18. e4 dxe4 19. Ngxe4 {½-½ (19) Caletka,R (2324)-Jaworski,M (2299) Czechia 2013}) 14... Bd6 {...cxd4 is the strong threat.} (14... c4 {looks sharper.} 15. Bc2 b5 16. e4 Bb7 17. e5 Nd7) 15. dxc5 Bxc5 16. e4 (16. Re1 {is more complex.} Bd7 17. Rc1 Bc6 18. Qd2 Qe7 19. Bc2) 16... Bxf2+ 17. Rxf2 dxe4 18. Nxe4 Bf5 $1 {[%cal Rf6e4]} 19. Nxf6+ Qxf6 20. Nh5 Qg6 21. Bxf5 Qxf5 22. Ng3 Qb5 23. Rd2 Ne6 24. Qf1 Qb3 25. Ne4 Red8 26. Rad1 Rxd2 27. Rxd2 Rc8 28. Nc3 Qb6+ 29. Qf2 Rc5 30. Rd5 Kf8 31. Rxc5 (31. Rd1 {is interesting.} Rc6 32. Rd2 Qc7 33. g3 Rd6 34. Kg2) 31... Qxc5 32. Qxc5+ Nxc5 $11 {[%mdl 4096] Endgame KN-KN} 33. Kf1 Nd3 34. Nd1 Ke7 35. g3 Kd6 36. Ke2 Ne5 37. f4 Nc4 38. Kd3 Kc5 39. Kc3 Kd5 40. Kd3 b5 41. Nc3+ Kc6 42. Nd1 Kc5 43. Kc3 Kd5 44. Kd3 f5 45. Nc3+ Kc5 46. Nd1 g6 47. Kc3 $1 Kd5 48. Kd3 h6 49. Nc3+ Kc5 50. Nd1 h5 51. Kc3 Kd5 52. Kd3 Kc5 53. Kc3 $1 b4+ 54. axb4+ axb4+ 55. Kd3 Kd5 56. b3 $2 {[%mdl 8192]} (56. Kc2 $11 {and White has nothing to worry.}) 56... Na5 $1 $19 {[%cal Ra5b3]} 57. Ne3+ Kc5 58. Kc2 {[#]} Nc6 $1 59. Kd3 Nd4 60. Nc4 Nxb3 {Hoping for ...Nc1+.} 61. Ne5 {Cut Off at move 61} Kb5 62. Nxg6 $2 (62. Kc2 {was forced.} Ka4 63. Nxg6) 62... Nc5+ 63. Kc2 {[#]} b3+ $1 {[%cal Bb4b3,Bb3b2][%mdl 32]} 64. Kb1 $2 (64. Kc3 Ka4 65. Ne5) 64... Kb4 65. Ne7 Ka3 (65... Na4 $142 66. Nxf5 Ka3) 66. Nd5 Ne4 {Black mates.} 67. Kc1 b2+ 68. Kc2 Ka2 {Weighted Error Value: White=0.17/Black=0.04} 0-1

[Event "XXVII RUS-chT Women 2020"]
[Site "Sochi"]
[Date "2020.11.25"]
[Round "6.2"]
[White "Kovalevskaya, Ekaterina"]
[Black "Doroshenko, Diana"]
[Result "1-0"]
[WhiteElo "2386"]
[BlackElo "2204"]
[Annotator "TA"]
[PlyCount "93"]
[EventDate "2020.11.19"]
[EventType "team-tourn"]
[EventCountry "RUS"]
[SourceTitle "playchess.com"]
[Source "ChessBase"]
[SourceQuality "1"]

{[%evp 24,93,2,0,14,9,0,0,0,0,0,0,54,13,11,0,0,0,47,37,98,88,73,89,83,94,152,128,124,111,183,154,234,223,234,0,243,223,218,220,212,206,256,194,193,189,406,384,466,426,410,402,524,510,828,821,800,771,800,788,737,642,1243,1243,1030,1056,975,927,1021,973,2309,2260]} 1. Nf3 Nf6 2. g3 c5 3. Bg2 Nc6 4. O-O e5 5. c4 d5 6. cxd5 Nxd5 7. Nc3 Nc7 8. d3 Be7 9. Nd2 Bd7 10. Nc4 f6 11. f4 b5 12. Ne3 Rc8 13. a4 a6 {A34: Symmetrical English: 2 Nc3, lines with ...d5.} 14. axb5 axb5 15. Ned5 Nxd5 {The position is equal.} 16. Nxd5 O-O 17. Ra6 {[#]} Nb8 $146 ({Black should try} 17... exf4 $11 18. Bxf4 Kh8) ({Predecessor:} 17... Re8 18. Bd2 exf4 19. Bxf4 Bf8 20. e3 Kh8 21. Qh5 g6 22. Qf3 Re6 23. g4 Nd4 24. exd4 Rxa6 {½-½ (37) Kerr,S (2514)-Buese,R (2224) IECG email 2002}) 18. Ra7 {White wants to play fxe5.} Bd6 $1 19. Be3 Kh8 20. Qd2 $36 {[%mdl 2048] Black is under pressure.} exf4 (20... Nc6 {with more complications.} 21. Ra6 exf4 22. Bxf4 Bxf4 23. Rxf4 Nb8) 21. Bxf4 Be6 (21... Bxf4 $14 22. Rxf4 (22. Nxf4 Re8 $11) (22. Qxf4 Nc6 $11) 22... Be6) 22. Bxd6 $16 Qxd6 23. Qf4 Qxf4 24. Nxf4 Bg4 ({Better is} 24... Bg8) 25. h3 Bd7 26. Rc1 Rfe8 (26... c4 $16) 27. Kf2 Be6 (27... c4 $16 28. d4 Rcd8) 28. Rb7 Bd7 29. Ra7 Be6 30. Nxe6 Rxe6 31. Rb7 Rce8 32. Bf3 ({Don't play} 32. Rxc5 $6 Rxe2+ 33. Kg1 Rxb2 $14) 32... Nc6 33. Bxc6 ({Weaker is} 33. Rxb5 Nd4 $14) 33... Rxc6 34. Rxb5 $18 {[%mdl 4096] Endgame KRR-KRR} Rec8 $2 {[#]} (34... Rce6) 35. b4 {[%cal Bb2b4,Bb4b5,Bb5b6,Bb6b7][%mdl 32]} Re6 36. Rbxc5 Rce8 37. e4 g6 38. Rc8 {White is clearly winning.} Kg8 (38... Rxc8 $142 39. Rxc8+ Kg7 40. Rc7+ Kf8) 39. Rxe8+ Rxe8 {KR-KR} 40. b5 Rb8 41. Rb1 Kf7 42. b6 Rb7 43. Ke3 Ke7 44. Kd4 Kd6 45. Kc4 Kc6 46. d4 Rb8 {[#]} 47. b7 $1 {Weighted Error Value: White=0.24/Black=0.36} 1-0

[Event "XXVII RUS-chT Women 2020"]
[Site "Sochi"]
[Date "2020.11.25"]
[Round "6.3"]
[White "Khokhlova, Daria"]
[Black "Voit, Daria"]
[Result "1-0"]
[WhiteElo "2196"]
[BlackElo "2353"]
[Annotator "TA"]
[PlyCount "97"]
[EventDate "2020.11.19"]
[EventType "team-tourn"]
[EventCountry "RUS"]
[SourceTitle "playchess.com"]
[Source "ChessBase"]
[SourceQuality "1"]

{[%evp 11,97,0,1,0,15,20,28,14,9,29,18,15,22,22,47,37,62,44,61,45,50,35,102,85,141,144,189,110,115,97,241,212,212,202,237,244,230,248,239,218,357,349,337,352,511,436,611,612,602,604,591,582,660,685,676,666,647,566,810,791,852,852,841,846,829,804,737,702,800,782,729,486,486,486,714,713,619,608,676,676,770,760,732,744,785,772,812,766]} 1. d4 d5 2. c4 c6 3. Nf3 Nf6 4. e3 Bg4 5. Qb3 Qb6 6. Nc3 e6 7. Nh4 {D11: Slav Defence: 3 Nf3 sidelines and 3...Nf6 4 e3 Bg4.} Nbd7 {7...Be7 gains popularity.} 8. h3 Bh5 9. g4 {White has an edge.} Bg6 10. Nxg6 hxg6 11. Bg2 Qa6 12. cxd5 exd5 13. Bd2 Bd6 14. O-O-O {[#]} Qb6 $146 ({Predecessor:} 14... O-O-O 15. Kb1 Kb8 16. f3 Ka8 17. Bc1 Qb6 18. e4 Qxb3 19. axb3 {½-½ (54) Bird,A (2229)-Fang,Y (2189) Kecskemet 2014}) 15. Qc2 Qc7 16. f3 Bb4 ({Better is} 16... O-O-O $14) 17. e4 $16 dxe4 (17... Nb6 $142) 18. fxe4 O-O-O 19. e5 (19. Rhf1 $18) 19... Bxc3 20. bxc3 {[%cal Bb2c3,Bc3c4][%mdl 32]} Nd5 {Black cannot hold the game after this.} (20... Ne8 $16 21. Rhf1 f6) 21. c4 N5b6 22. Rhf1 f6 23. e6 ({Worse is} 23. Qxg6 Nxc4 24. exf6 Nxf6 $15) 23... Nb8 24. Bf4 Qe7 25. d5 Na6 (25... Qa3+ {was worth a try.} 26. Kb1 Qb4+ 27. Qb3 Qxc4) 26. Rfe1 $18 {[#] Hoping for d6.} (26. dxc6 bxc6 27. Bxc6 g5 $16) 26... Qa3+ 27. Kb1 Qb4+ (27... g5 $142 28. Bc1 Qe7) 28. Qb3 {White is clearly winning.} cxd5 (28... Na4 $142 29. Bd2 Qxb3+ 30. axb3 N4c5 31. dxc6 Rhe8) 29. Qxb4 Nxb4 30. a3 Nc6 31. cxd5 Ne5 32. Bxe5 fxe5 33. d6 Nc4 34. Rc1 b5 35. Rxe5 a6 36. e7 Rxd6 37. e8=Q+ Rxe8 38. Rxe8+ Kd7 39. Ree1 Rf6 40. Red1+ Ke7 41. Rxc4 bxc4 {[%mdl 4096] Endgame KRB-KR} 42. Kc2 Re6 (42... Rb6 $142 43. Bf1 Rb3) 43. Kc3 Re3+ 44. Kb4 Rb3+ 45. Ka4 Rc3 46. Bf1 Kf6 47. Rd4 Rf3 48. Bxc4 Rxh3 49. Rd6+ {Weighted Error Value: White=0.16/Black=0.42} 1-0

[Event "XXVII RUS-chT Women 2020"]
[Site "Sochi"]
[Date "2020.11.25"]
[Round "6.4"]
[White "Dordzhieva, Dinara"]
[Black "Mukhina, Jana"]
[Result "1-0"]
[WhiteElo "2352"]
[BlackElo "2012"]
[Annotator "TA"]
[PlyCount "55"]
[EventDate "2020.11.19"]
[EventType "team-tourn"]
[EventCountry "RUS"]
[SourceTitle "playchess.com"]
[Source "ChessBase"]
[SourceQuality "1"]

{[%evp 18,55,54,48,56,30,35,26,41,47,47,54,53,52,46,43,47,45,87,90,91,56,60,44,46,-11,37,-11,175,178,222,222,298,305,292,303,692,681,677,659]} 1. d4 Nf6 2. c4 g6 3. Nc3 Bg7 4. Nf3 O-O 5. e4 d6 6. Be2 e5 7. O-O Nc6 8. d5 Ne7 9. Bg5 h6 {9...h6 scores better than 9...Nh5.} 10. Bd2 Nh5 {E97: King's Indian: Classical Main Line (6...e5 7 0-0 Nc6): 8 Be3 and 8 d5 Ne7, not 9 Ne1.} 11. Re1 f5 12. Nh4 Nf6 {White has an edge.} 13. exf5 {[#]} g5 $146 ({Predecessor:} 13... gxf5 14. g3 c6 15. Qb3 cxd5 16. cxd5 b6 17. Rad1 Bb7 18. Be3 Nd7 19. Bf1 Rc8 {1-0 (62) Lysyj,I (2596)-Keosidi,K (2400) Sochi 2019}) 14. Ng6 Nxg6 15. fxg6 Bf5 16. Be3 Bxg6 17. Bd3 Bh5 18. Qd2 Ng4 19. Bc2 Nxe3 20. fxe3 {Black must now prevent Qd3.} Qe7 21. Qd3 (21. Be4 $14) 21... Bh8 (21... e4 $5 22. Qxe4 Qxe4 23. Bxe4 Rae8 $11) 22. Rf1 a6 $2 {[#] This costs Black the game.} (22... e4 $11 {and Black has nothing to worry.} 23. Qxe4 Qxe4 24. Nxe4 (24. Bxe4 Rxf1+ 25. Rxf1 Bxc3 $15) 24... Be2 25. Rxf8+ Rxf8) 23. Qe4 $1 $18 Rxf1+ 24. Rxf1 Rf8 25. Rxf8+ Kxf8 26. Qf5+ Ke8 $2 (26... Bf7 27. Qc8+ Be8) 27. Qc8+ {[%mdl 64] [#] Double Attack} Qd8 28. Qe6+ {[%mdl 64] Double Attack.  Weighted Error Value: White=0.13/Black=0.60} 1-0

[Event "XXVII RUS-chT Women 2020"]
[Site "Sochi"]
[Date "2020.11.25"]
[Round "6.5"]
[White "Pogonina, Natalija"]
[Black "Protopopova, Anastasiya"]
[Result "1-0"]
[WhiteElo "2475"]
[BlackElo "2267"]
[Annotator "TA"]
[PlyCount "109"]
[EventDate "2020.11.19"]
[EventType "team-tourn"]
[EventCountry "RUS"]
[SourceTitle "playchess.com"]
[Source "ChessBase"]
[SourceQuality "1"]

{[%evp 20,109,20,7,25,15,40,42,60,44,48,44,39,38,44,52,43,47,55,51,50,47,60,50,92,35,34,36,52,51,50,22,27,19,29,25,27,23,85,76,76,83,84,78,79,78,66,39,72,78,73,64,64,55,95,55,102,102,105,113,210,193,330,311,311,306,389,398,357,351,494,477,1447,481,481,455,417,0,477,463,578,559,479,463,622,619,1168,996,1095,997,958,905]} 1. d4 Nf6 2. c4 e6 3. Nf3 b6 4. g3 Bb7 5. Bg2 Be7 6. O-O O-O 7. Re1 Na6 8. Nc3 d5 9. cxd5 exd5 10. Bf4 c5 11. Rc1 Nc7 {E17: Queen's Indian: 4 g3 Bb7 5 Bg2 Be7.} 12. e3 {[#]} h6 $146 ({Predecessor:} 12... Ne6 13. Be5 Ne4 14. dxc5 Nxc3 15. Bxc3 bxc5 16. Ne5 Rb8 17. Qa4 Qc7 18. Qd7 Rfd8 19. Qxc7 Nxc7 {1-0 (42) Meister,P (2415)-Heika,M (2334) Germany 2002}) 13. Nh4 Qc8 {White is slightly better.} 14. Bxc7 (14. Qc2 {feels hotter.} Re8 15. Nf5 Bf8 16. Red1 c4 17. Nd6) 14... Qxc7 15. Nf5 Rfd8 16. dxc5 bxc5 17. Nxe7+ Qxe7 18. Na4 Rac8 19. Qc2 c4 20. Nc3 Ne4 21. Rcd1 Qb4 22. Re2 ({White should play} 22. Rd4 $16) 22... Qa5 23. Rd4 {[%cal Rg2e4]} Nxc3 24. bxc3 Rc5 25. Red2 Re8 26. h4 Re5 27. Rd1 Rb5 28. Rb1 Qb6 (28... Rb6 $11) 29. Rdd1 $16 Bc6 30. Rxb5 Qxb5 31. Rb1 Qa5 32. Rb8+ Re8 33. Qb2 Rxb8 34. Qxb8+ Kh7 35. Qd6 $36 {[%mdl 2048] White has the initiative.} Qb5 36. h5 Qb7 {White now steadily converts the win.} 37. Kh2 Qa8 38. Bh3 Kg8 39. Qc7 a5 {[#]} (39... Be8 $16) 40. Bc8 $1 $18 Be8 {[#]} (40... Kf8 $142 41. g4 (41. Qd8+ Be8 $16) 41... Ke8) 41. Bb7 $1 {[%cal Rb7a8]} Qa7 {[#]} 42. Qc8 $1 {[%mdl 512]} Kh7 43. Bxd5 Qe7 44. Qxc4 f5 (44... Kg8 $142 45. Qc8 Qd7) 45. Qc8 Bxh5 (45... Qd7 $142 46. Qxd7 Bxd7) 46. Qxf5+ (46. Bg8+ $142 Kg6 47. Qc6+ Qf6 48. Qe8+ Kg5 49. f4+ Kg4 50. Qa8) 46... Bg6 47. Qc8 {[%csl Gd5][%cal Rc8g8]} Bf7 48. Qf5+ Bg6 49. Qe6 {[%csl Gd5][%cal Re6g8] White is clearly winning.} Qf8 50. Kg2 Bf5 51. Qf7 Qc8 52. c4 {[%cal Bc3c4,Bc4c5][%mdl 32]} Bb1 53. a3 Bf5 {[#]} 54. c5 $1 Bh3+ (54... Qxc5 55. Qxf5+) 55. Kh2 {Weighted Error Value: White=0.26/Black=0.35} 1-0

[Event "XXVII RUS-chT Women 2020"]
[Site "Sochi"]
[Date "2020.11.25"]
[Round "6.6"]
[White "Lysenko, Margarita"]
[Black "Girya, Olga"]
[Result "1/2-1/2"]
[WhiteElo "2237"]
[BlackElo "2469"]
[Annotator "TA"]
[PlyCount "65"]
[EventDate "2020.11.19"]
[EventType "team-tourn"]
[EventCountry "RUS"]
[SourceTitle "playchess.com"]
[Source "ChessBase"]
[SourceQuality "1"]

{[%evp 12,65,12,19,14,16,18,23,9,16,16,19,0,0,0,0,20,22,11,20,9,10,13,17,17,16,20,3,3,3,5,5,8,0,3,0,0,0,0,0,0,0,2,0,5,0,1,0,0,0,0,0,0,0,0,0]} 1. d4 Nf6 2. c4 e6 3. Nf3 d5 4. Nc3 Bb4 5. Qa4+ Nc6 6. e3 O-O 7. Bd2 dxc4 {D38: Queen's Gambit Declined: Ragozin Defence (4 Nf3 Bb4).} 8. Bxc4 Bd6 9. Qc2 $1 {9.Qc2 is better than 9.Nb5.} e5 {White has an edge.} 10. dxe5 {The position is equal.} Nxe5 11. Nxe5 Bxe5 12. f4 Bxc3 13. Bxc3 Ng4 14. Bd4 c5 15. Bxc5 {[#] Hoping for Rd1.} Re8 $1 16. O-O {White wants to play Rfd1.} Nxe3 17. Bxe3 Rxe3 18. Qf2 Qb6 19. Rfe1 (19. a4 {is more complex.} Be6 20. a5 Qd4 21. Bxe6 fxe6 22. Rad1) 19... Rxe1+ 20. Rxe1 {[%cal Re1e8] [#]} Qxf2+ 21. Kxf2 $11 {[%cal Re1e8][%mdl 4096] Endgame KRB-KRB} Kf8 $1 {[#]} 22. Ke3 $146 ({Predecessor:} 22. Rc1 Bf5 23. Bb3 Rc8 24. Rxc8+ Bxc8 25. Ke3 Ke7 26. Kd4 b6 27. Bd5 f6 28. g3 Kd6 29. a3 h6 30. b4 Bd7 {½-½ (30) Abasov,N (2632)-Anand,V (2765) Douglas 2019}) 22... Bd7 23. Kd4 Rd8 {aiming for ...Be6+.} 24. Kc3 Bc6 25. g3 b6 26. b4 Rd6 27. Bd3 h6 28. a3 Bd7 29. Re5 Rc6+ 30. Kd2 Rd6 31. Kc3 Rc6+ 32. Kd2 Rd6 33. Kc3 {An uneventful encounter.  Weighted Error Value: White=0.02/Black=0.01} 1/2-1/2